00461nam a2200181Ia 4500008004100000020001800041050001400059100001800073245005700091260001500148260001600163260000900179300001500188300002700203300001000230300003100240500000800271170918s9999 xx 000 0 und d a9780516460390 bF785 1995 aFowler, Allan aIt’s a fruit, It's a vegetable, It’s a pumpkin / aNew York : bScholastic, c1995 a31 pages : bcolored illustration ; c17cm. eRookie read-aroud science. a540